| 000 | 00547nam a22001817a 4500 | ||
|---|---|---|---|
| 003 | CDMR | ||
| 005 | 20140415181926.0 | ||
| 008 | 140415b2014 s ||||| |||| 00| 0 spa d | ||
| 020 | _a9788416001019 | ||
| 040 |
_bcat _cCDMR |
||
| 245 | 0 |
_aCrónica y mirada _b: aproximaciones al periodismo narrativo _cMaría Angulo (coordinadora) |
|
| 250 | _a2a. ed. | ||
| 260 |
_aMadrid _bLibros del K.O. _c2014 |
||
| 300 |
_a368 p. _c21 cm |
||
| 650 |
_94193 _aGèneres periodístics |
||
| 700 | 1 | 4 |
_94559 _aAngulo Fernández, María _ecoordinadora |
| 942 |
_cMON _2udc |
||
| 999 |
_c6729 _d6729 |
||